000 00348nam a22001697a 4500
003 UA-OsUOA
001 3738
007 ta
008 20050721b un ||||| |||| 00| 0 ukr d
100 _aRandon
700 _aN.
942 _cBK
040 _aUA-OsUOA
_cUA-OsUOA
_dUA-OsUOA
245 _aDwie rurki z kremem
_bPolish
955 _a2
650 7 _2UDC
999 _c289900
_d289900